[Event "Pierrevert op"]
[Site "Pierrevert"]
[Date "2004.??.??"]
[Round "?"]
[White "Busson, Benoist"]
[Black "Chimento, Laurent"]
[Result "1-0"]
[WhiteElo "2068"]
[BlackElo "2002"]
[PlyCount "129"]
[EventDate "2004.??.??"]
[EventType "swiss (rapid)"]
[EventRounds "9"]
[EventCountry "FRA"]
[SourceTitle "EXT 2005"]
[Source "ChessBase"]
[SourceDate "2004.11.15"]
[SourceVersion "1"]
[SourceVersionDate "2004.11.15"]
[SourceQuality "1"]

1. d4 d5 2. e4 dxe4 3. Nc3 Nf6 4. f3 Bf5 5. fxe4 Nxe4 6. Qf3 e6 7. Nxe4 Qxd4 8. Bd3 Nc6 9. Ne2 Qb6 10. Qf2 Bb4+ 11. c3 Ne5 12. Bb1 Ba5 13. h3 0-0-0 14. 0-0 Bxe4 15. Bxe4 Qxf2+ 16. Kxf2 f5 17. Bc2 Nd3+ 18. Bxd3 Rxd3 19. Nf4 Bb6+ 20. Ke2 Rd6 21. Be3 Rhd8 22. Bxb6 Rd2+ 23. Ke1 axb6 24. Nxe6 R8d6 25. Rxf5 Rxg2 26. Nd4 Rxb2 27. Rf2 Rxf2 28. Kxf2 c5 29. Nf3 Rd3 30. Rc1 Kc7 31. h4 b5 32. Ke2 Rd6 33. Rg1 g6 34. Rg2 b6 35. Ng5 Rd5 36. Nf3 Kb7 37. Rg5 Rd8 38. Re5 Rd7 39. Re6 Rf7 40. Ke3 Ka6 41. Ne5 Rf1 42. Re7 g5 43. hxg5 Rf5 44. Nc6 b4 45. cxb4 Kb5 46. Re5 Rf7 47. Nd8 Rd7 48. bxc5 Rxd8 49. cxb6+ Kxb6 50. Re7 Rg8 51. Kf4 Rh8 52. Kf5 Rf8+ 53. Kg4 Ra8 54. Rxh7 Rxa2 55. g6 Kc6 56. Re7 Kd6 57. Re1 Rg2+ 58. Kf5 Rf2+ 59. Kg5 Rg2+ 60. Kf6 Rf2+ 61. Kg7 Rg2 62. Kf7 Rf2+ 63. Kg8 Rg2 64. Kg7 Rf2 65. Rh1 1-0

[Event "Hautes Alpes op 3rd"]
[Site "Laragne"]
[Date "2002.??.??"]
[Round "3.5"]
[White "Chimento, Laurent"]
[Black "Gelis, Dorian"]
[Result "1-0"]
[WhiteElo "1990"]
[BlackElo "2154"]
[PlyCount "127"]
[EventDate "2002.02.10"]
[EventType "swiss"]
[EventRounds "9"]
[EventCountry "FRA"]
[SourceTitle "CBM 086 Extra"]
[Source "ChessBase"]
[SourceDate "2002.03.14"]
[SourceVersion "1"]
[SourceVersionDate "2002.03.14"]
[SourceQuality "1"]

1. e4 e5 2. Nf3 Nc6 3. Bb5 f5 4. 0-0 fxe4 5. Bxc6 dxc6 6. Nxe5 Nf6 7. d4 Bd6 8. Bg5 0-0 9. Nc3 Bf5 10. Qe2 Qe8 11. Bxf6 gxf6 12. Nc4 Qg6 13. Nxd6 cxd6 14. Qe3 Kh8 15. Ne2 Rg8 16. Ng3 d5 17. Qf4 Be6 18. f3 Raf8 19. fxe4 dxe4 20. Qxe4 Qxe4 21. Nxe4 Rg4 22. Rxf6 Rxf6 23. Nxf6 Rxd4 24. b3 Bf7 25. Re1 Bg6 26. Re7 Rd1+ 27. Kf2 Rd2+ 28. Kg3 Rxc2 29. Rxb7 Rxa2 30. h4 h5 31. Rc7 c5 32. Rxc5 Rb2 33. Nxh5 Rxb3+ 34. Kf4 Rb8 35. g4 Ra8 36. Ra5 a6 37. Kg5 Bd3 38. Nf6 Kg7 39. h5 Rb8 40. h6+ Kh8 41. Re5 Rb5 42. Kf4 Rxe5 43. Kxe5 a5 44. Kd4 Bg6 45. g5 a4 46. Kc3 a3 47. Kb3 a2 48. Kxa2 Bb1+ 49. Kb2 Bc2 50. Kc3 Bg6 51. Kd4 Bf5 52. Ke5 Bg6 53. Kd6 Bf5 54. Ke7 Bc2 55. Nh5 Bb3 56. Nf4 Ba2 57. Ne6 Bb1 58. Kf6 Kg8 59. g6 Kh8 60. Nf8 Bc2 61. Nd7 Ba4 62. Ne5 Bb3 63. Nf7+ Bxf7 64. gxf7 1-0